| 000 | 01152nam a2200337 a 4500 | ||
|---|---|---|---|
| 999 |
_c23601 _d23601 |
||
| 001 | vtls010287372 | ||
| 005 | 20240719114540.0 | ||
| 008 | 240318s2011 xo d 000 f slo | ||
| 020 |
_a9788055124674 _q(viaz.) |
||
| 035 | _a842F37B2-48CA-4EAE-9770-EF687594C662 | ||
| 035 | _aurn:nbn:sk:snk-amji5s | ||
| 035 | _aurn:nbn:sk:snk-am002gpx | ||
| 040 |
_aSVKBB _bslo _cSVKBB _dPOKPOH _eAACR2 |
||
| 041 | 0 |
_aslo _hswe |
|
| 044 |
_axo _cSK |
||
| 072 | 7 |
_a821.11 _xGermánske literatúry _2konspekt |
|
| 080 |
_a821.113.6-31 _22001 |
||
| 080 |
_a(0:82-312.4) _22001 |
||
| 100 | 1 |
_aKepler, Lars _4aut _93646 |
|
| 240 | 1 | 0 |
_aPaganinikontraktet _lSlovensky |
| 245 | 1 | 0 |
_aZmluva podľa Paganiniho _cKepler ; [zo švédskeho originálu preložila Mária Bratová] |
| 250 | _a[1. vyd.] | ||
| 260 |
_aBratislava _bIkar _c2011 |
||
| 300 |
_a374 s. _c21 cm |
||
| 655 | 7 |
_ašvédske romány _2SNKPH _91715 |
|
| 655 | 7 |
_atrilery (romány) _2SNKPH _92135 |
|
| 655 | 7 |
_aSwedish fiction _2SNKPHeng _91716 |
|
| 655 | 7 |
_aThrillers (novels) _2SNKPHeng _91722 |
|
| 700 | 1 |
_aBratová, Mária, _d1958- _4trl _92014 |
|